La princesa Mononoke = Mononoke Hime /

Tras ser atacado por un iracundo dios jabalí, Ashitaka, el príncipe de un pueblo en el Japón feudal, debe exiliarse y buscar el origen de su maldición. En el viaje, descubre que se origina en el conflicto entre una aldea minera que para seguir extrayendo el hierro que produce sus armas está aniquila...

Descripció completa

Guardat en:
Dades bibliogràfiques
Autor principal: Miyazaki, Hayao (realización)
Altres autors: Miyazaki, Hayao (guión) (guión), Okui, Atsushi (fotógrafo) (fotógrafo), Seyama, Takeshi (montaje) (montaje), Hisaishi, Joe (música) (música), Matsuda, Yôji (actuación) (actuación), Ishida, Yuriko (actuación) (actuación), Miwa, Akihiro (actuación) (actuación)
Format: Diapositiva
Idioma:japonès
Col·lecció:(Hayao Miyazaki Presenta)
Matèries:
Etiquetes: Afegir etiqueta
Sense etiquetes, Sigues el primer a etiquetar aquest registre!

MARC

LEADER 00000ngm^a2200000^a^4500
001 000300731
005 20250521000000.0
009 20260310112524.118
037 |a Acervo ITESO - Biblioteca 
041 |a JAP 
082 |a 895. 6  |b MIY 
100 |a Miyazaki, Hayao  |e (realización) 
240 1 4 |a [La princesa Mononoke] 
245 1 3 |a La princesa Mononoke =  |b Mononoke Hime / 
264 |a México :  |b Zima Entertainment [distribución],  |c fecha no identificada 
300 |a 1 DVD regiones 1 y 4  |c (133 min.) 
336 |a imagen móvil bidimensional  |b tdi  |2 rdacontenido 
337 |a video  |b v  |2 rdamedio 
338 |a videodisco  |b vd  |2 rdasoporte 
440 1 |a (Hayao Miyazaki Presenta) 
520 |a Tras ser atacado por un iracundo dios jabalí, Ashitaka, el príncipe de un pueblo en el Japón feudal, debe exiliarse y buscar el origen de su maldición. En el viaje, descubre que se origina en el conflicto entre una aldea minera que para seguir extrayendo el hierro que produce sus armas está aniquilando el bosque, y los espíritus que habitan en él, en particular la diosa lobo Moro y su hija humana, San. El conflicto se agrava todavía con la presencia de un cazador que busca obtener la cabeza del Gran Espíritu del Bosque, lo que ocasionaría una calamidad. Ashitaka, mientras tanto, intenta conciliar la situación y evitar que el odio y la guerra se propague. 
546 |a En japonés, con subtítulos opcionales: español 
585 |a Exposición DIA 2022-10 / Sendero de crisantemos: una mirada a la cultura japonesa 
649 |a XX 
650 |a Ambientalistas en el Cine 
650 |a Mujeres en el Cine 
650 |a Lobos en el Cine 
650 |a Espíritus en el Cine 
650 |a Demonios en el Cine 
650 |a Dioses en el Cine 
650 |a Seres Fantásticos en el Cine 
650 |a Bosques en el Cine 
650 |a Bosques -  |x Explotación 
650 |a Bosques -  |x Aspectos Económicos 
650 |a Cine de Animación 
650 |a Cine de Aventuras 
650 |a Cine Fantástico 
650 |a Cine Japonés -  |y 1990-1999 
650 |a Cine Japonés -  |y Siglo XX 
650 |a Odio 
650 |a Diferencia y Otredad 
650 |a Tolerancia e Intolerancia 
650 |a Justicia e Injusticia 
650 |a Bien y Mal 
650 |a Violencia 
650 |a Guerra y Paz 
650 |a Conflicto Social 
650 |a Recursos Naturales Renovables 
650 |a Recursos Naturales 
650 |a Deterioro Ambiental 
650 |a Conservación y Protección Ambiental 
650 |a Ecología 
650 |a Japón -  |x Historia -  |y Período Feudal, 1185-1868 
700 |a Miyazaki, Hayao  |e (guión) 
700 |a Okui, Atsushi  |e (fotógrafo) 
700 |a Seyama, Takeshi  |e (montaje) 
700 |a Hisaishi, Joe  |e (música) 
700 |a Matsuda, Yôji  |e (actuación) 
700 |a Ishida, Yuriko  |e (actuación) 
700 |a Miwa, Akihiro  |e (actuación) 
910 |a Fondo General 
920 |a Audiovisuales - DVDs 
940 |a Películas 
905 |a 302 
901 |a 0900114104  |b IT2  |c DVS  |i C123643  |u 20250521 
902 |a https://opac.biblio.iteso.mx/vufind/Record/000300731